| 000 | 00622nam a2200217 a 4500 | ||
|---|---|---|---|
| 005 | 20220622063713.0 | ||
| 008 | 120615s2007 es r 000 0 spa d | ||
| 020 | _a9788467519785 | ||
| 035 | _aUPN01000185175 | ||
| 049 | _aI | ||
| 050 | 4 |
_aPR6056 I5.3 _bC8.2 |
|
| 100 | 1 |
_aFine, Anne, _d1947- _932270 |
|
| 245 | 1 | 0 |
_aCuantos más, mejor / _cAnne Fine ; tr. Elena Abós. |
| 260 |
_aMadrid : _bSM, _cc2007. |
||
| 300 | _a144 p. | ||
| 440 | 3 |
_aEl barco de vapor ; _v180 |
|
| 534 |
_pTítulo original: _tThe more the merrier |
||
| 650 | 0 |
_aLiteratura infantil inglesa _911046 |
|
| 905 | _aInfantil | ||
| 999 |
_c157278 _d157278 |
||